000
00311nam a22001457a 4500
008
210604b ||||| |||| 00| 0 eng d
020
_a
0718118685
041
_a
eng
080
_a
94
082
_a
94
100
_a
16
101
_a
SHH
245
_a
The White House Years
_c
Henry Kissinger
942
_2
udc
_c
BK
999
_c
57974
_d
57974